Global Development Finance: Harnessing Cyclical Gains for Development (Record no. 3682)

MARC details
005 - DATE AND TIME OF LATEST TRANSACTION
control field 20250613124957.0
020 ## - INTERNATIONAL STANDARD BOOK NUMBER
International Standard Book Number 9780821357408
082 ## - DEWEY DECIMAL CLASSIFICATION NUMBER
Classification number 332 WOR
111 ## - MAIN ENTRY--MEETING NAME
Meeting name or jurisdiction name as entry element The World Bank
245 ## - TITLE STATEMENT
Title Global Development Finance: Harnessing Cyclical Gains for Development
260 ## - PUBLICATION, DISTRIBUTION, ETC.
Place of publication, distribution, etc. Washington DC,
Name of publisher, distributor, etc. World Bank,
Date of publication, distribution, etc. 2004.
300 ## - PHYSICAL DESCRIPTION
Extent xv,232p.:ill.;figures, tables
Other physical details Bibliography
Dimensions 28cm
942 ## - ADDED ENTRY ELEMENTS (KOHA)
Source of classification or shelving scheme Dewey Decimal Classification
Koha item type Books
Holdings
Date last seen Total checkouts Full call number Barcode Cost, replacement price Price effective from Koha item type Lost status Source of classification or shelving scheme Damaged status Not for loan Withdrawn status Home library Current library Shelving location Date acquired Source of acquisition Cost, normal purchase price
06/11/2025   332 WOR MZA000650 150000.00 06/11/2025 Books   Dewey Decimal Classification       CBE Mwanza CBE Mwanza General Collection 06/11/2025 Library Budget 50000.00
06/11/2025   332 WOR MZA000651 150000.00 06/11/2025 Books   Dewey Decimal Classification       CBE Mwanza CBE Mwanza General Collection 06/11/2025 Library Budget 50000.00